| 000 | 00741nam a2200229 u 4500 | ||
|---|---|---|---|
| 005 | 20220928063722.0 | ||
| 008 | 181019e2006 es r 000 0 spa d | ||
| 020 | _a8426358969 | ||
| 035 | _aUPN01000227397 | ||
| 049 | _aI | ||
| 050 | 4 |
_aG175 _bC3.7 |
|
| 100 | 1 |
_aCareaga Castrillo, Pilar _942959 |
|
| 245 | 1 | 4 |
_aRodrigo de Triana / _cLas Chacas ; il. Juan Ramón Alonso. |
| 260 |
_aZaragoza, Esp. : _bEdelvives, _c2006. |
||
| 300 |
_a[10] p. : _bprincipalmente il. col. |
||
| 440 | 0 |
_aLibros con agujeritos para jugar con los deditos ; _v14 |
|
| 650 | 0 |
_aViajes _vLiteratura infantil _921656 |
|
| 650 | 0 |
_aAventuras y aventureros _94121 |
|
| 650 | 7 |
_aLibros ilustrados para niños _2 _921365 |
|
| 905 | _aInfantil | ||
| 999 |
_c199492 _d199492 |
||